Jurisdição constitucional / (Record no. 225)
[ view plain ]
| 000 -LÍDER | |
|---|---|
| Campo Fixo de Controle | 01593cam a2200337 a 4500 |
| 001 - NÚMERO DE CONTROLE | |
| Campo de Controle | 225 |
| 003 - IDENTIFICAÇÃO DO NÚMERO DE CONTROLE | |
| Campo de Controle | BR-CuiBMT |
| 005 - DATA E HORA DA ÚLTIMA ATUALIZAÇÃO | |
| Campo de Controle | 20231116192630.0 |
| 008 - DADOS FIXOS | |
| Dados Fixos | 230831s2012 mgba 000 0 por d |
| 020 ## - INTERNATIONAL STANDARD BOOK NUMBER | |
| Nº do ISBN | 9788577005703 (v. 1) |
| 020 ## - INTERNATIONAL STANDARD BOOK NUMBER | |
| Nº do ISBN | 9788545002161 (v. 2) |
| 020 ## - INTERNATIONAL STANDARD BOOK NUMBER | |
| Nº do ISBN | 9788545006916 (v. 3) |
| 040 ## - AGÊNCIA CATALOGADORA | |
| Código da Agência Catalogadora | BR-CuiBMT |
| Agência que transcreveu o registro | BR-CuiBMT |
| 080 ## - Nº DA CLASSIFICAÇÃO DECIMAL UNIVERSAL | |
| Nº edição CDU | 2007 |
| Nº Class. CDU | 347.991 |
| Subd. Auxiliar Comum | (094.9):342 |
| 090 ## - NÚMERO DE CHAMADA | |
| Nº classificação | 347.991(094.9):342 |
| Cutter | F996j |
| 100 1# - ENTRADA PRINCIPAL -- AUTOR PESSOAL | |
| Nome pessoal | Fux, Luiz, |
| Datas associadas ao nome | 1953- |
| 245 10 - TÍTULO PRINCIPAL | |
| Título principal | Jurisdição constitucional / |
| Indicação de responsabilidade | Luiz Fux ; [autores Bruno Vinícius da Rós Bodart ... et al.]. |
| 260 ## - PUBLICAÇÃO, DISTRIBUIÇÃO, ETC. | |
| Local de publicação | Belo Horizonte : |
| Editora | Fórum, |
| Data | [2012]-2019. |
| 300 ## - DESCRIÇÃO FÍSICA | |
| N. páginas ou volumes | 3 v. : |
| Ilustrações | il. ; |
| Dimensões | 24 cm |
| 504 ## - NOTA DE BIBLIOGRAFIA, ETC. | |
| Nota de bibliografia | Inclui bibliografia. |
| 505 0# - NOTA DE CONTEÚDO | |
| Nota de conteúdo | Conteúdo completo: v. 1. Democracia e direitos fundamentais / Luiz Fux ; [autores Bruno Vinícius da Rós Bodart ... et al.] -- v. 2. Cidadania e direitos fundamentais / Luiz Fux ; Valter Shuenquener de Araujo coordenador ; [comentaristas Abhner Youssif Mota Arabi ... et al.] -- v. 3. República e direitos fundamentais / Luiz Fux ; [comentaristas Abhner Youssif Mota Arabi ... et al.]. |
| 590 ## - NOTA LOCAL | |
| Campo de ligação e número de sequência | A Biblioteca possui apenas os volumes 2 e 3. |
| 610 ## - ASSUNTO -- ENTIDADE | |
| Nome da Entidade ou lugar | Brasil. |
| Unidade subordinada | Supremo Tribunal Federal |
| Subdivisão geral | Competência |
| 610 ## - ASSUNTO -- ENTIDADE | |
| Nome da Entidade ou lugar | Brasil. |
| Unidade subordinada | Supremo Tribunal Federal |
| Subdivisão geral | Jurisprudência |
| 610 ## - ASSUNTO -- ENTIDADE | |
| Nome da Entidade ou lugar | Brasil. |
| Unidade subordinada | Congresso Nacional |
| Subdivisão geral | Competência |
| 610 ## - ASSUNTO -- ENTIDADE | |
| Nome da Entidade ou lugar | Brasil. |
| Unidade subordinada | Tribunal de Contas da União. |
| 650 ## - ASSUNTO TÓPICO | |
| Cabeçalho tópico ou nome geográfico | Direito constitucional |
| Subdivisão geral | Jurisdição constitucional |
| 650 ## - ASSUNTO TÓPICO | |
| Cabeçalho tópico ou nome geográfico | Jurisdição constitucional |
| Subdivisão geográfica | Brasil |
| 700 1# - ENTRADA SECUNDÁRIA -- NOME PESSOAL | |
| Nome pessoal | Araújo, Valter Shuenquener de |
| Termo de relação | coordenador |
| 942 ## - ELEMENTOS DE ENTRADA ADICIONAIS (KOHA) | |
| Fonte de classificação ou esquema de arquivamento | Classificação Decimal Universal |
| Tipo de item do Koha | Livros |
| Estado: removido | Estado: perdido | Fonte de classificação ou esquema de arquivamento | Estado: danificado | Indisponível para empréstimo | Localização permanente | Localização atual | Data de aquisição | Numeração serial ou cronológica (Volume) | Total Checkouts | Número de Chamada completo | Código de barras | Date last seen | Número do exemplar | Preço efetivo a partir de | Tipo de item (Koha) |
|---|---|---|---|---|---|---|---|---|---|---|---|---|---|---|---|
| Classificação Decimal Universal | Biblioteca da Escola Superior de Contas do TCE/MT | Biblioteca da Escola Superior de Contas do TCE/MT | 28/06/2023 | v. 3 | 347.991(094.9):342 F996j | BIBTCEMT23080204 | 31/08/2023 | Ex. 1 | 31/08/2023 | Livros | |||||
| Classificação Decimal Universal | Biblioteca da Escola Superior de Contas do TCE/MT | Biblioteca da Escola Superior de Contas do TCE/MT | 28/06/2023 | v. 2 | 347.991(094.9):342 F996j | BIBTCEMT23090069 | 26/09/2023 | Ex. 1 | 26/09/2023 | Livros |